Сборник задач по линейной алгебре: учебное пособие

Dades bibliogràfiques
Autor principal: Проскуряков И. В. Игорь Владимирович
Sumari:Задачник И. В. Проскурякова — результат многолетнего опыта сотрудников кафедры высшей математики механико-математического факультета Московского университета. Он включает разделы, посвященные определителям, системам линейных уравнений, матрицам и квадратичным формам, векторным пространствам и их линейным преобразованиям. Сборник содержит типовые вычислительные задачи на применение основных алгоритмов линейной алгебры, большое число задач повышенной трудности, в том числе теоретического характера. Наиболее сложные задачи снабжены не только ответами, но и решениями. Учебное пособие предназначено для студентов физико-математических, инженерно-физических и экономико-математических специальностей вузов.
Idioma:rus
Publicat: Санкт-Петербург, Лань, 2010
Edició:13-е изд., стер.
Col·lecció:Классическая учебная литература по математике
Классические задачники и практикумы
Matèries:
Format: MixedMaterials Llibre
KOHA link:https://koha.lib.tpu.ru/cgi-bin/koha/opac-detail.pl?biblionumber=165434

MARC

LEADER 00000nam0a2200000 4500
001 165434
005 20231101222543.0
010 |a 9785811407071 
035 |a (RuTPU)RU\TPU\book\179461 
090 |a 165434 
100 |a 20061120d2010 m y0rusy50 ca 
101 0 |a rus 
102 |a RU 
105 |a y j 000zy 
200 1 |a Сборник задач по линейной алгебре  |e учебное пособие  |f И. В. Проскуряков 
205 |a 13-е изд., стер. 
210 |a Санкт-Петербург  |c Лань  |d 2010 
215 |a 476 с. 
225 1 |a Классическая учебная литература по математике 
225 1 |a Классические задачники и практикумы 
330 |a Задачник И. В. Проскурякова — результат многолетнего опыта сотрудников кафедры высшей математики механико-математического факультета Московского университета. Он включает разделы, посвященные определителям, системам линейных уравнений, матрицам и квадратичным формам, векторным пространствам и их линейным преобразованиям. Сборник содержит типовые вычислительные задачи на применение основных алгоритмов линейной алгебры, большое число задач повышенной трудности, в том числе теоретического характера. Наиболее сложные задачи снабжены не только ответами, но и решениями. Учебное пособие предназначено для студентов физико-математических, инженерно-физических и экономико-математических специальностей вузов. 
451 1 |0 (RuTPU)RU\TPU\book\114021  |y 978-5-8114-0707-1  |t Сборник задач по линейной алгебре  |o учебное пособие  |f И. В. Проскуряков  |e 10-е изд., стер.  |c СПб.  |n Лань  |d 2007  |p 476 с.  |s Учебники для вузов. Специальная литература  |a Проскуряков, Игорь Владимирович 
606 1 |a Линейная алгебра  |2 stltpush  |3 (RuTPU)RU\TPU\subj\40174  |9 60039 
610 1 |a задачи 
610 1 |a определители 
610 1 |a линейные уравнения 
610 1 |a системы линейных уравнений 
610 1 |a матрицы 
610 1 |a квадратичные формы 
610 1 |a векторные пространства 
610 1 |a линейные преобразования 
610 1 |a учебные пособия 
675 |a 512.64(076)  |v 3 
700 1 |a Проскуряков  |b И. В.  |g Игорь Владимирович 
801 1 |a RU  |b 63413507  |c 20090918 
801 2 |a RU  |b 63413507  |c 20201201  |g RCR 
942 |c BK 
959 |a 95/20090918  |d 40  |e 370,04  |f АНЛ:1  |f ЧЗТЛ:1  |f УФ:28  |f Ф_ТПУ_Новокузнецк:10 
959 |a 48/20100812  |d 40  |e 480,04  |f АНЛ:1  |f ЧЗТЛ:1  |f УФ:28  |f Ф_ТПУ_Новокузнецк:10